LEADER 01091nam--2200349---450- 001 990002859560203316 005 20081202100641.0 010 $a88-13-26503-4 035 $a000285956 035 $aUSA01000285956 035 $a(ALEPH)000285956USA01 035 $a000285956 100 $a20070123d2005----km-y0itay50------ba 101 $aita 102 $aIT 105 $a||||||||001yy 200 1 $a<> economia delle aziende sanitarie pubbliche$elogiche di gestione e strumenti di analisi dei risultati aziendali$fVincenzo Sforza 210 $aPadova$cCEDAM$d2005 215 $aXVI, 256 p.$d24 cm 410 0$12001 606 0 $aAziende sanitarie$xGestione$xControllo 676 $a362.1068 700 1$aSFORZA,$bVincenzo$0299240 801 0$aIT$bsalbc$gISBD 912 $a990002859560203316 951 $a362.10 SFO 1(IRA 20 213)$b14282 E.C.$cIRA 20$d00119929 959 $aBK 969 $aECO 979 $aIANNONE$b90$c20070123$lUSA01$h1034 979 $aRSIAV1$b90$c20081202$lUSA01$h1006 996 $aEconomia delle aziende sanitarie pubbliche$9727542 997 $aUNISA LEADER 01168nam 2200409 450 001 9910317805503321 005 20221021164005.0 010 $a1-83881-519-8 010 $a1-78923-407-7 035 $a(CKB)4970000000100029 035 $a(NjHacI)994970000000100029 035 $a(EXLCZ)994970000000100029 100 $a20221021d2018 uy 0 101 0 $aeng 135 $aur||||||||||| 181 $ctxt$2rdacontent 182 $cc$2rdamedia 183 $acr$2rdacarrier 200 00$aChitin-Chitosan $emyriad functionalities in science and technology /$fRajendra Dongre, editor 210 1$a[Place of publication not identified] :$cIntechOpen,$d[2018] 210 4$d©2018 215 $a1 online resource (382 pages) $cillustrations 311 $a1-78923-406-9 320 $aIncludes bibliographical references. 517 $aChitin-chitosan 606 $aChitin 606 $aChitosan 615 0$aChitin. 615 0$aChitosan. 676 $a573.774 702 $aDongre$b Rajendra 801 0$bNjHacI 801 1$bNjHacl 906 $aBOOK 912 $a9910317805503321 996 $aChitin-Chitosan$92958025 997 $aUNINA LEADER 01567nam 2200469 450 001 9910583028103321 005 20230120002732.0 010 $a0-08-101114-8 010 $a0-08-101000-1 035 $a(CKB)4100000002574156 035 $a(MiAaPQ)EBC5306463 035 $a(EXLCZ)994100000002574156 100 $a20180314h20182018 uy 0 101 0 $aeng 135 $aurcnu|||||||| 181 $2rdacontent 182 $2rdamedia 183 $2rdacarrier 200 10$aIndividual differences in sensory and consumer science $eexperimentation, analysis and interpretation /$fTormod Naes, Paula Varela and Ingunn Berget 210 1$aDuxford, England :$cElsevier,$d2018. 210 4$d©2018 215 $a1 online resource (262 pages) 225 1 $aWoodhead Publishing Series in Food Science, Technology and Nutrition 320 $aIncludes bibliographical references at the end of each chapters and index. 410 0$aWoodhead Publishing in food science, technology, and nutrition. 606 $aCommercial products$xTesting 606 $aSensory evaluation 606 $aConsumer behavior 615 0$aCommercial products$xTesting. 615 0$aSensory evaluation. 615 0$aConsumer behavior. 676 $a620.110287 700 $aNęs$b Tormod$0144982 702 $aVarela$b Paula 702 $aBerget$b Ingunn 801 0$bMiAaPQ 801 1$bMiAaPQ 801 2$bMiAaPQ 906 $aBOOK 912 $a9910583028103321 996 $aIndividual differences in sensory and consumer science$91950599 997 $aUNINA LEADER 08404nam 2200517 450 001 9910829803103321 005 20231222135805.0 010 $a1-119-81339-5 010 $a1-119-81337-9 035 $a(PPN)274021307 035 $a(MiAaPQ)EBC7113805 035 $a(Au-PeEL)EBL7113805 035 $a(CKB)25161856000041 035 $a(EXLCZ)9925161856000041 100 $a20230304d2023 uy 0 101 0 $aeng 135 $aurcnu|||||||| 181 $ctxt$2rdacontent 182 $cc$2rdamedia 183 $acr$2rdacarrier 200 00$aAtlas of structural geological and geomorphological interpretation of remote sensing images /$fedited by Achyuta Ayan Misra and Soumyajit Mukherjee 210 1$aHoboken, New Jersey ;$aChichester, West Sussex, England :$cWiley,$d[2023] 210 4$d©2023 215 $a1 online resource (272 pages) 311 08$aPrint version: Misra, Achyuta Ayan Atlas of Structural Geological and Geomorphological Interpretation of Remote Sensing Images Newark : John Wiley & Sons, Incorporated,c2023 9781119813354 320 $aIncludes bibliographical references and index. 327 $aCover -- Title Page -- Copyright Page -- Contents -- List of Contributors -- Preface -- Acknowledgements -- About the Companion Website -- Section A Background -- Introduction to "Atlas of Structural Geological and Geomorphological Interpretation of Remote Sensing Images" -- Acknowledgements -- References -- Chapter 1 Remote Sensing Fundamentals -- 1.1 What Is Remote Sensing? -- 1.2 Fundamental Processes of Remote Sensing -- 1.3 Advantages of Remote Sensing -- 1.4 Limitations of Remote Sensing -- 1.4.1 Reference Data (Ground Truth) -- Acknowledgements -- References -- Websites -- Chapter 2 Classification of Remote Sensing Depending on Data Type, Source, Platform, and Imaging Media -- 2.1 Introduction -- 2.2 Data Type -- 2.3 Platforms -- 2.4 Energy Source -- 2.5 Imaging Media -- 2.6 Significance in Geomorphology and Structural Geology -- Acknowledgements -- References -- Websites -- Section B Geomorphology -- Chapter 3 Geodynamic Quantification of Mid-Channel Bar Morphology: A Spatio-Temporal Study -- 3.1 Introduction -- 3.1.1 Study Area -- 3.1.2 Methodology -- 3.2 Discussions -- Acknowledgements -- Appendix -- References -- Chapter 4 Geomorphic Indicators of Glacier Retreat from Jorya Garang Glacier of Baspa Valley, Himachal Pradesh, India -- 4.1 Introduction -- 4.2 Geomorphic Characteristics of the Jorya Garang Glacier -- Acknowledgements -- References -- Chapter 5 Aerial Views of the 2018 Kilauea Eruption, Hawaii, U.S.A. -- 5.1 Introduction and Start of Eruption -- 5.2 Lava Behavior -- 5.3 Eruption End -- Acknowledgements -- References -- Chapter 6 Depositional Systems - An Overview Via Google Earth -- 6.1 Introduction -- 6.2 Indus River (Pakistan) -- 6.3 Meandering River System (Alberta, Canada) -- 6.4 Horton River System and Horton Delta (Canada) -- 6.5 Nile River and Nile Delta (Egypt) -- 6.6 Lake Ayakum, Tibet (China). 327 $a6.7 Satpara Lake and Alluvial Fans in Skardu (Pakistan) -- 6.8 Alluvial Fans in China -- 6.9 Dunes in Rub al-Khali (Southern Arabian Peninsula) -- 6.10 Star Dunes in Algeria -- 6.11 Musa Bay (Estuary) in Iran -- Acknowledgements -- References -- Chapter 7 The Lateritic Badlands of Garbeta (West Bengal, India) -- 7.1 Introduction -- 7.2 Regional Setting of the Gangani Tract -- 7.3 Badland Formation within Laterites at Gangani -- Acknowledgements -- Funding -- References -- Appendix A -- Appendix B -- Chapter 8 Geomorphology along the West Coast of India, Through Remote Sensing -- 8.1 Introduction -- 8.2 Geomorphic Characteristics of the Goa Coast -- Acknowledgements -- References -- Chapter 9 Fluvial Geomorphology in a Part of the Spiti River Basin, Himachal Pradesh, India -- 9.1 General Geology -- 9.2 Image Interpretation -- Acknowledgements -- References -- Section C Structural Geology -- Chapter 10 Deformation Bands Mapped in the Miocene Sandstone-Dominated Outcrops, Sengkurong, Brunei Darussalam, SE Asia -- 10.1 Mapping of Deformation Bands -- Acknowledgements -- References -- Chapter 11 Disaggregation Deformation Bands Dominate the Trapping and Sealing Process at the Lion King Fault Zone, Brunei, SE Asia -- 11.1 Deformation Bands -- Acknowledgements -- References -- Chapter 12 Surface Deformation Along Katrol Hill Fault, Kachchh, Evidenced by Satellite and DEM Data -- 12.1 Tectonic Geomorphology of KHF -- Acknowledgements -- References -- Chapter 13 Tectonics, Fault Zones, and Topography in the Alaska-Canada Cordillera with a Focus on the Alaska Range and Denali Fault Zone -- 13.1 Introduction -- 13.2 Regional Tectonics of the Northern Cordillera -- 13.3 The Denali Fault and the Alaska Range: Topography, Geophysics, and Crustal Processes -- 13.4 Exceptional Bedrock Exposures Reveal Strain Localization Along the Denali Fault -- Acknowledgements. 327 $aReferences -- Chapter 14 Use of Remote Sensing in Lineament Analysis: Exploring its Potentials in a Humid Subtropical and Semi-Arid Environment -- 14.1 A Case Study from Humid Subtropical Region -- 14.2 A Study from an Arid Region -- Acknowledgements -- References -- Chapter 15 Tectonic Structures Interpretation Using Airborne-Based LiDAR DEM on the Examples from the Polish Outer Carpathians -- 15.1 Introduction -- 15.2 Faults and Joints -- 15.3 Overthrusts -- 15.4 Bedding -- 15.5 Folds -- 15.6 The Lubogoszcz Mountain (Figure 15.3) -- 15.7 Ustrzyki Górne Area (Figure 15.4) -- 15.8 Mszana Tectonic Window Area (Figure 15.5) -- 15.9 Dzwonkówka (Beskid Sdecki) (Figure 15.6) -- 15.10 The Barnasiówka Ridge (Figure 15.7) -- Acknowledgements -- References -- Chapter 16 Spatial Variability of Tectonic Influences on Drainage Networks: Examples from the Narmada-Tapi Interfluve in Gujarat State, Western India -- 16.1 Introduction -- 16.2 Narmada-Tapi Interfluve -- Acknowledgements -- References -- Chapter 17 Archival Airborne Visible/Infrared Imaging Spectrometer (AVIRIS) Image of Faults in a Mixed Carbonate-Clastic Succession, Northwestern Spring Mountains, Nevada, USA -- 17.1 Introduction -- 17.2 Geologic Setting of the Northwestern Spring Mountains, Nevada -- 17.3 Using Remote Sensing to Subdivide the Johnnie Formation -- 17.4 Imaging Faults Within the Johnnie Formation -- Acknowledgements -- References -- Chapter 18 Coseismic Surface Rupture and Related Disaster During the 2018 Mw 7.5 Palu Earthquake, Sulawesi Island, Indonesia -- 18.1 The 2018 Mw 7.5 Palu Earthquake -- 18.2 Coseismic Surface Rupture and Related Disaster Produced by the 2018 Palu Earthquake -- Acknowledgements -- References -- Chapter 19 Structural and Alteration Mapping Using ASTER Imagery and DEM for Gold Mineralization in the Gadag Schist Belt of Karnataka, India -- 19.1 Introduction. 327 $aAcknowledgements -- References -- Chapter 20 Identifying Subtle Deformation Structures from Satellite Images in Parts of the Mesozoic Kachchh (Kutch) Basin, Kachchh District, Gujarat, India -- 20.1 Introduction -- 20.2 Regional Geology -- Acknowledgements -- References -- Chapter 21 Lineament Analysis in a Part of the Son River Valley, Madhya Pradesh, India -- 21.1 Regional Geology -- 21.2 Lineament Analysis -- Acknowledgements -- References -- Chapter 22 Meso Scale Sinistral Shear, Eastern Dharwar Craton, Telangana, India -- 22.1 Overview -- 22.2 Description -- Acknowledgements -- References -- Chapter 23 Regional Polyclinal Fold with Faulted Limbs, Rajasthan, India -- 23.1 Overview -- 23.2 Description -- Acknowledgements -- References -- Chapter 24 Drainage Architecture and Bar Formation of the Rangit Tributaries, Darjeeling-Sikkim Himalaya, India -- 24.1 Introduction -- 24.2 Image Analysis -- Acknowledgements -- References -- Index -- EULA. 606 $aGeology, Structural 606 $aGeomorphology 606 $aRemote-sensing images 615 0$aGeology, Structural. 615 0$aGeomorphology. 615 0$aRemote-sensing images. 676 $a551.8 702 $aMisra$b A. A$g(Achyuta Ayan), 702 $aMukherjee$b Soumyajit 801 0$bMiAaPQ 801 1$bMiAaPQ 801 2$bMiAaPQ 906 $aBOOK 912 $a9910829803103321 996 $aAtlas of structural geological and geomorphological interpretation of remote sensing images$94112927 997 $aUNINA